Al-Hijab Or Why Purdah Is Necessary (Record no. 1642)

MARC details
000 -LEADER
fixed length control field 00405nam a2200157 a 4500
082 00 - DEWEY DECIMAL CLASSIFICATION NUMBER
Classification number 305.480297
Author Cutter SUL
100 ## - MAIN ENTRY--AUTHOR NAME
Author name Sultan, Jehan Begum
245 ## - TITLE STATEMENT
Title Al-Hijab Or Why Purdah Is Necessary
260 ## - PUBLICATION, DISTRIBUTION, ETC. (IMPRINT)
Place of publication Calcutta
Name of publisher Thacker Spink and Company
Year of publication 1922
300 ## - PHYSICAL DESCRIPTION
Number of Pages 212p
500 ## - GENERAL NOTE
General note includes index and biblioraphy
505 2# - FORMATTED CONTENTS NOTE
Formatted contents note index
650 ## - SUBJECT ADDED ENTRY--TOPICAL TERM
Topical Term Muslim Women
942 ## - ADDED ENTRY ELEMENTS (KOHA)
Koha item type Books
700 1# -
-- Sultan, Jehan Begum
Holdings
Home library Current library Date acquired Cost, normal purchase price Full call number Accession Number Koha item type
Henry Martyn Institute Library Henry Martyn Institute Library 06/14/2007 100.00 305.480297 SUL 01257 E-Books
                   Copyright © 2026 | Henry Martyn Institute | Hyderabad | TS-500052 | INDIA | Implemented by hmi.edu.in
Hit-Count:

Powered by Koha